| 000 | 00489nam a22001937a 4500 | ||
|---|---|---|---|
| 003 | OSt | ||
| 005 | 20170117181304.0 | ||
| 008 | 170117b xxu||||| |||| 00| 0 eng d | ||
| 020 | _a0723610622 | ||
| 040 | _cDNLM.. | ||
| 082 | _aWU240J41p 1999. | ||
| 100 |
_aWMM Jenkins;Allan,CJ; _911402 |
||
| 245 |
_aPeriodontics: _bA synopsis. |
||
| 260 |
_aBoston. _bWright, _c1999. |
||
| 300 |
_a184p; _bill; _c22cm. |
||
| 504 | _aincludes index. | ||
| 650 |
_aDentistry. _911403 |
||
| 942 |
_2z _cO_SHELF |
||
| 999 |
_c5457 _d5457 |
||